<?xml version="1.0" encoding="UTF-8"?><?xml-stylesheet type="text/xsl" href="static/style.xsl"?><OAI-PMH xmlns="http://www.openarchives.org/OAI/2.0/" xmlns:xsi="http://www.w3.org/2001/XMLSchema-instance" xsi:schemaLocation="http://www.openarchives.org/OAI/2.0/ http://www.openarchives.org/OAI/2.0/OAI-PMH.xsd"><responseDate>2026-04-27T13:00:00Z</responseDate><request verb="GetRecord" identifier="oai:uvadoc.uva.es:10324/7938" metadataPrefix="marc">https://uvadoc.uva.es/oai/request</request><GetRecord><record><header><identifier>oai:uvadoc.uva.es:10324/7938</identifier><datestamp>2021-06-23T11:27:45Z</datestamp><setSpec>com_10324_1174</setSpec><setSpec>com_10324_931</setSpec><setSpec>com_10324_894</setSpec><setSpec>col_10324_1343</setSpec></header><metadata><record xmlns="http://www.loc.gov/MARC21/slim" xmlns:doc="http://www.lyncode.com/xoai" xmlns:xsi="http://www.w3.org/2001/XMLSchema-instance" xmlns:dcterms="http://purl.org/dc/terms/" xsi:schemaLocation="http://www.loc.gov/MARC21/slim http://www.loc.gov/standards/marcxml/schema/MARC21slim.xsd">
<leader>00925njm 22002777a 4500</leader>
<datafield tag="042" ind1=" " ind2=" ">
<subfield code="a">dc</subfield>
</datafield>
<datafield tag="720" ind1=" " ind2=" ">
<subfield code="a">Gonzalo García, Rosario Consuelo</subfield>
<subfield code="e">author</subfield>
</datafield>
<datafield tag="260" ind1=" " ind2=" ">
<subfield code="c">1998</subfield>
</datafield>
<datafield tag="520" ind1=" " ind2=" ">
<subfield code="a">Se estudian algunas piezas representativas de la «poesía mural» elaborada con motivo del certamen literario que la ciudad de Zaragoza celebró a la muerte de Felipe II en 1598. Por otro lado, se aborda el estudio de algunos carteles poéticos publicados en honor de san Juan Evangelista, patrón de los impresores.</subfield>
</datafield>
<datafield tag="024" ind2=" " ind1="8">
<subfield code="a">García de Enterría, María Cruz, y Cordón Mesa, Alicia (eds.). Actas del IV Congreso Internacional de la Asociación Internacional Siglo de Oro (AISO) (Alcalá de Henares: 22-27 de julio de 1996). Alcalá de Henares: Servicio de Publicaciones de la Universidad de Alcalá, 1998, I, pp. 751-762.</subfield>
</datafield>
<datafield tag="024" ind2=" " ind1="8">
<subfield code="a">84-8138-265-5</subfield>
</datafield>
<datafield tag="024" ind2=" " ind1="8">
<subfield code="a">http://uvadoc.uva.es/handle/10324/7938</subfield>
</datafield>
<datafield tag="024" ind2=" " ind1="8">
<subfield code="a">751</subfield>
</datafield>
<datafield tag="024" ind2=" " ind1="8">
<subfield code="a">762</subfield>
</datafield>
<datafield tag="024" ind2=" " ind1="8">
<subfield code="a">Actas del IV Congreso Internacional de la Asociación Internacional Siglo de Oro (AISO) (Alcalá de Henares: 22-27 de julio de 1996)</subfield>
</datafield>
<datafield ind1=" " ind2=" " tag="653">
<subfield code="a">Poesía mural</subfield>
</datafield>
<datafield ind1=" " ind2=" " tag="653">
<subfield code="a">Justas literarias</subfield>
</datafield>
<datafield ind1=" " ind2=" " tag="653">
<subfield code="a">Felipe II</subfield>
</datafield>
<datafield ind1=" " ind2=" " tag="653">
<subfield code="a">San Juan Evangelista</subfield>
</datafield>
<datafield tag="245" ind1="0" ind2="0">
<subfield code="a">El ceremonial barroco y la poesía mural: Más ejemplos de literatura efímera</subfield>
</datafield>
</record></metadata></record></GetRecord></OAI-PMH>